[Event "European Blitz-ch 2018"]
[Site "Skopje"]
[Date "2018.12.06"]
[Round "6"]
[White "Esipenko, Andrey"]
[Black "Stanojoski, Zvonko"]
[Result "0-1"]
[WhiteElo "2593"]
[BlackElo "2447"]
[Annotator "TA"]
[PlyCount "126"]
[EventDate "2018.12.06"]
[EventType "swiss"]
[EventCountry "MKD"]

{[%evp 18,126,0,-7,156,11,29,16,24,-44,-35,-50,10,11,7,7,7,7,10,2,42,14,12,0,8,0,9,0,0,13,14,9,25,18,211,9,152,0,0,0,7,10,12,0,35,0,8,0,29,0,6,6,6,7,8,0,0,0,0,0,1,-6,0,0,0,0,0,0,0,0,0,0,0,0,0,0,0,0,0,0,0,0,0,0,0,0,0,-16,0,0,0,-14,0,0,0,0,0,0,0,0,0,0,0,0,0,0,0,0,0,-4,0]} 1. d4 d5 2. Nf3 e6 3. Bf4 Bd6 4. Bg3 Nf6 5. e3 O-O 6. Nbd2 c5 {D02: 1 d4 d5 2 Nf3 sidelines, including 2...Nf6 3 g3 and 2...Nf6 3 Bf4} (6... b6 7. c3 Ba6 8. Bxa6 Nxa6 9. Ne5 Nb8 10. f4 c5 11. Bh4 Be7 12. O-O Nfd7 13. Bxe7 Qxe7 14. Rf3 Nxe5 15. fxe5 {1-0 (29) Aronian,L (2767)-Giri,A (2782) chess.com INT 2018}) 7. c3 b6 8. Bd3 Bb7 9. Qe2 Ne4 10. Rd1 {LiveBook: 6 Games} h6 $146 {[#]} ({Black should try} 10... Be7 $11) ({Predecessor:} 10... f5 11. Bxd6 Qxd6 12. Ne5 Nxd2 13. Rxd2 Nd7 14. f4 {½-½ (14) Kovacevic,A (2489)-Zajic,M (2503) Valjevo 2018}) 11. Ne5 (11. Nxe4 $1 $16 dxe4 {[#]} 12. Bxe4 $1 {[%mdl 512]} Bxe4 13. dxc5) 11... Bxe5 (11... Nxd2 {looks sharper.} 12. Rxd2 Nc6 13. O-O Nxe5 14. dxe5 Be7) 12. Bxe5 Nd7 13. Bg3 (13. Bf4 $11) 13... Nxg3 $15 14. hxg3 cxd4 ({Better is} 14... e5 $1 $15) 15. exd4 $11 e5 16. dxe5 Nxe5 17. O-O ({Don't blunder} 17. Qxe5 $2 Re8 $19) 17... Re8 18. Nf3 Qf6 19. Nxe5 Rxe5 20. Qg4 Rae8 21. Qd4 Qc6 22. f3 Qc5 23. Kf2 Kf8 24. Rc1 Re3 {Threatens to win with ...Qxd4.} 25. Rfd1 Qe7 $2 (25... a5 $11 {and Black stays safe.}) 26. Bf1 $2 (26. Bb5 $18) 26... Kg8 (26... Qe6 $11 {remains equal.}) 27. Rd2 $2 (27. Bb5 $16) 27... Re1 28. Rcd1 Rxd1 (28... Kh8 {with more complications.} 29. Kg1 Bc6 30. Qf2 Bb5 31. Rxd5 Bxf1 32. Rxe1 Qxe1 33. Qxf1 Qxg3 34. Rd1 Qc7) 29. Rxd1 Bc6 30. Bd3 Qc5 31. g4 Kf8 32. Rh1 Bb7 33. Rd1 (33. Qxc5+ {feels hotter.} bxc5 34. b4 Rc8 35. Bf5 Rc7 36. b5) 33... Qxd4+ {The position is equal.} (33... Bc6 {is more complex.}) 34. cxd4 {[%mdl 4096] Endgame KRB-KRB} Rc8 35. Ke3 Ke7 36. Kf4 Kd6 37. Re1 Bc6 38. Ba6 Re8 39. Rc1 Re7 40. Bd3 Bd7 41. g5 hxg5+ 42. Kxg5 Re3 43. Rd1 Re8 44. Kf4 Rh8 45. Rc1 Rh2 46. Kg3 Rh8 47. Kf2 Rh6 48. b3 Rh8 49. Ke3 Re8+ 50. Kd2 Rh8 51. Re1 Rh2 52. Bf1 Rh1 53. Bd3 Rh2 54. Bf1 Rh1 55. Bd3 Rh2 56. Rg1 Rh4 57. Ke3 Rh8 58. Rc1 Rh2 59. Kf2 Rh4 60. Ke3 Rh2 61. Rg1 Rh8 62. Kf4 Rh4+ 63. Ke3 Rh8 {[%mdl 32768] Accuracy: White = 51%, Black = 36%. . Loss on time!?} 0-1

[Event "European Blitz-ch 2018"]
[Site "Skopje"]
[Date "2018.12.06"]
[Round "6"]
[White "Stevic, Hrvoje"]
[Black "Dragnev, Valentin"]
[Result "1/2-1/2"]
[WhiteElo "2587"]
[BlackElo "2483"]
[Annotator "TA"]
[PlyCount "82"]
[EventDate "2018.12.06"]
[EventType "swiss"]
[EventCountry "MKD"]

{[%evp 17,82,4,60,53,81,31,28,21,21,22,25,29,22,13,35,20,12,8,10,13,7,14,27,28,37,37,37,37,37,45,41,37,37,37,37,37,37,34,42,37,42,42,42,42,43,35,36,32,34,34,34,34,34,34,34,34,50,33,41,8,23,-61,-47,-109,-12,-12,-6]} 1. e4 c5 2. c3 d5 3. exd5 Qxd5 4. d4 Nf6 5. Nf3 e6 6. Na3 Nc6 7. Be3 cxd4 {B22: Sicilian: 2 c3} 8. Nb5 Qd8 9. Nbxd4 Bd7 {LiveBook: 3 Games} (9... Nd5 $11) (9... Nd5 10. Nxc6 bxc6 11. Bd2 Qb6 12. Ne5 Qc7 13. Nc4 Be7 14. Bd3 Ba6 15. Qg4 {½-½ (55) Wang,H (2717)-Laznicka,V (2666) Ho Chi Minh City 2016}) 10. Nxc6 $1 $14 Bxc6 11. Ne5 $146 ({Predecessor:} 11. Qxd8+ Kxd8 12. Ne5 Be8 13. O-O-O+ Kc8 14. Bc4 Be7 15. Bb3 {1-0 (26) Karpatchev,A (2491)-Vatter,H (2302) Nice 2009}) 11... Bd6 12. Nxc6 bxc6 13. g3 O-O 14. Bg2 Nd5 15. Bd2 Rb8 16. Qc2 Qb6 17. b3 Rfd8 18. O-O Be5 19. Rad1 Qc5 {[%cal Rd5c3]} 20. c4 Nb4 21. Bxb4 Qxb4 22. Bxc6 Bd4 23. Kg2 a5 24. Rd3 Qc5 25. Bf3 Rd6 26. Rfd1 Rbd8 27. Qd2 h6 28. Qe2 R8d7 29. R1d2 Rd8 30. Qe4 g6 31. Qb7 Kg7 32. h4 R8d7 33. Qe4 h5 34. Qa8 Rd8 35. Qb7 R8d7 36. Qb5 Rd8 37. Be4 Kf6 38. Rf3+ Kg7 39. Rdd3 ({Better is} 39. Qxc5 $11 Bxc5 40. Rxd6 Rxd6 41. Rd3) 39... f5 {[%mdl 1024] Black has compensation.} 40. Bb7 {[#]} ({White should try} 40. Qxc5 $15 Bxc5 41. Rxd6 Rxd6 42. Bd3) 40... Qc7 (40... Qxb5 $1 $17 41. cxb5 e5 42. Rxd4 Rxd4) 41. c5 $1 $11 {[%cal Rc5d6]} Qxc5 {Accuracy: White = 48%, Black = 65%.} 1/2-1/2

[Event "European Blitz-ch 2018"]
[Site "Skopje"]
[Date "2018.12.06"]
[Round "6"]
[White "Moroni, Luca Jr"]
[Black "Fridman, Daniel"]
[Result "1-0"]
[WhiteElo "2564"]
[BlackElo "2633"]
[Annotator "TA"]
[PlyCount "121"]
[EventDate "2018.12.06"]
[EventType "swiss"]
[EventCountry "MKD"]

{[%evp 20,121,9,0,12,18,28,16,24,0,0,0,69,-50,-22,-28,135,-88,-75,-81,-39,-157,-68,-79,-80,-100,-100,-96,-97,-104,-111,-227,-162,-170,-162,-247,-215,-205,0,0,187,195,193,117,133,0,202,186,181,196,187,154,313,324,463,410,706,456,436,432,624,647,665,716,695,633,3203,1614,29987,29988,29992,29951,5289,5585,29994,29986,29986,29985,29988,29989,29992,29988,29989,29976,29988,29989,29997,0,29976,29977,29988,29966,29987,29986,29982,11752,5405,5401,29970,29969,29969,29971,7202,10279]} 1. Nf3 d5 2. e3 Nf6 3. c4 e6 4. b3 c5 5. Bb2 Nc6 6. cxd5 exd5 7. Bb5 Bd6 8. O-O O-O {A13: English Opening: 1...e6} 9. d4 cxd4 10. Nxd4 Bc7 (10... Qb6 11. Bd3 Be5 12. Qd2 Nxd4 13. exd4 Bd6 14. Nc3 Bd7 15. Rfe1 Rfe8 {0-1 (62) Mamedyarov,S (2801)-Giri,A (2782) chess.com INT 2018}) 11. Nd2 {LiveBook: 3 Games} Qd6 {[%csl Gc7][%cal Rd6h2]} 12. N2f3 $146 ({Predecessor:} 12. g3 Bh3 13. Re1 Bb6 14. Nxc6 bxc6 15. Bd3 h6 16. Qc2 {½-½ (67) Gorti,A (2252)-Zatonskih,A (2444) Saint Louis 2018}) 12... Bg4 {Threatens to win with ...Nxd4.} 13. Bxc6 $1 bxc6 14. h3 Bd7 15. Rc1 c5 (15... Rac8 $11) 16. Qc2 (16. Ne2 $14) 16... Ne4 $15 17. Ne2 Qg6 $2 (17... Rfe8 $11) 18. Kh1 $2 (18. Be5 $1 $16 {[%cal Re5c7] is necessary to keep the advantage.} Rac8 19. Nf4) 18... Bf5 19. Qd1 Rfd8 20. Nc3 ({Better is} 20. Be5 $15 Bxe5 21. Nxe5) 20... Nxc3 (20... Qh6 $17 21. Nb5 Ba5) 21. Bxc3 Be4 22. Re1 Re8 23. Nh4 Qd6 {[%csl Gc7][%cal Rd6h2]} 24. f4 {[#]} d4 $1 {[%mdl 512]} 25. Bb2 (25. Bd2 $17) (25. exd4 Qxf4) 25... Rad8 26. Qg4 g6 {...dxe3 is the strong threat.} 27. exd4 (27. Qg3 {was worth a try.}) 27... cxd4 28. Bxd4 {Hoping for Be5.} Qxf4 $2 ({Weaker is} 28... Qxd4 29. Rxc7 Qf2 30. Rcc1 $15) ({Black should try} 28... f5 $19 29. Qe2 Qxd4 30. Rxc7 Bxg2+ $1 {[%mdl 576] Discovered Attack} 31. Nxg2 Rxe2 32. Rxe2 Qd1+ 33. Re1 Qf3) 29. Rxc7 $1 $11 {[%mdl 64] Deflection} Qxc7 $2 (29... Bxg2+ $1 $11 {and Black is okay.} 30. Nxg2 Qxc7) 30. Rxe4 $40 {[%mdl 128] Black is in trouble.} Qc1+ 31. Kh2 (31. Bg1 $1 $18) 31... Qc7+ $16 32. Kh1 (32. Qf4 $16 Qxf4+ 33. Rxf4) 32... Qc1+ $1 $18 {[#]} 33. Bg1 $1 h5 34. Rxe8+ Rxe8 35. Qd4 Qc2 $2 (35... Qc7 $16 {might work better.} 36. Qd2 Qd8) 36. Qxa7 Re2 (36... g5 {is a better defense.} 37. Qd7 Qc8 38. Qxc8 Rxc8) 37. Qa8+ Kh7 (37... Kg7 $142 38. Bd4+ f6 39. Qa7+ Kg8) 38. Qf3 Kg8 39. a4 {[%cal Ba2a4,Ba4a5,Ba5a6][%mdl 32]} ({Don't do} 39. Qa8+ Kg7 $18) 39... Rd2 (39... Re1 $142 40. a5 Ra1 41. Qa8+ Kg7) 40. a5 Rd3 41. Qa8+ Kh7 42. a6 Qa2 43. Nf3 Rxb3 44. Ng5+ Kh6 45. Nxf7+ Kg7 46. Ng5 {Bd4+ would kill now.} Kf6 47. Ne4+ Ke5 48. a7 Ra3 49. Qe8+ {[%mdl 64] Double Attack} Kf4 50. Qxg6 h4 51. Qg4+ Ke5 52. Nc5 Kd6 53. Ne4+ Ke5 54. Ng5 Ra4 55. Nf3+ Kd5 56. Qg8+ Kc6 57. Qxa2 (57. Qd8 $142 Kb5 58. Ne5 Kb4 59. Qd4+ Ka3 {[#]} 60. Qxa4+ $1 {[%mdl 576] Promotion} Kxa4 61. a8=Q+ Kb3 62. Qd5+ Ka3 63. Bc5+ Kb2 64. Bd4+ Kb1 65. Qb5+ Kc1 66. Qf1+ Kc2 67. Qe2+ Kb3 68. Qc4+ Ka3 69. Bc5+ {[%mdl 64] Discovered Attack} Kb2 70. Nd3+ Ka1 71. Qc3+ Kb1 72. Qc1#) 57... Rxa2 58. Nxh4 Kb7 59. Nf3 Ra4 60. h4 Ra5 61. Kh2 {Accuracy: White = 53%, Black = 27%.} 1-0

[Event "European Blitz-ch 2018"]
[Site "Skopje"]
[Date "2018.12.06"]
[Round "6"]
[White "Brkic, Ante"]
[Black "De Filomeno, Simone"]
[Result "1-0"]
[WhiteElo "2563"]
[BlackElo "2436"]
[Annotator "TA"]
[PlyCount "77"]
[EventDate "2018.12.06"]
[EventType "swiss"]
[EventCountry "MKD"]

{[%evp 26,77,66,67,147,133,354,348,396,394,447,465,460,438,447,454,908,902,901,900,1280,1301,3041,622,591,559,537,530,608,601,598,583,919,913,895,881,1260,1108,929,406,394,368,384,352,590,575,716,711,708,695,725,729,772,684]} 1. e4 c5 2. Nf3 Nc6 3. d4 cxd4 4. Nxd4 g6 5. c4 Nf6 6. Nc3 Nxd4 7. Qxd4 d6 8. Be2 Bg7 9. Be3 O-O 10. Qd2 a5 {B36: Sicilian: Maroczy Bind: Gurgenidze System} 11. Rd1 a4 12. O-O Qa5 13. Bd4 Be6 14. f4 {[%cal Bf2f4,Bf4f5][%mdl 32] [#] LiveBook: 42 Games} Nd7 $146 {[#]} (14... Rfe8 $14) ({Predecessor:} 14... Rac8 15. b3 axb3 16. axb3 b5 17. Bxf6 Bxf6 18. Nxb5 Qxd2 19. Rxd2 Ra8 20. Nc7 Ra3 21. Nxe6 fxe6 {1-0 (58) Yu,Y (2759)-Bu,X (2718) Hangzhou 2018}) 15. f5 $1 {[%mdl 512]} Bxd4+ $2 (15... gxf5 $16 {was called for.} 16. Bxg7 Kxg7) 16. Qxd4 $18 gxf5 17. exf5 Bxf5 18. Nd5 {[%cal Rd5e7]} e5 19. Ne7+ {[%mdl 64] Discovered Attack} Kh8 {[#]} 20. Qh4 $1 Bc2 {[#]} (20... Qc5+ $142 21. Kh1 Bg6) 21. Bd3 $1 {[%mdl 512]} Bxd3 22. Rxd3 {Intending Rh3 and mate.} f5 23. Ng6+ {[%mdl 64] Double Attack} Kg8 24. Nxf8 (24. Rg3 $142 Qc5+ 25. Kh1) 24... Nxf8 25. Rxf5 Ng6 26. Qf2 Qc7 27. h4 {[%cal Bh2h4,Bh4h5][%mdl 32]} Qxc4 28. Rxd6 Qc1+ 29. Kh2 Qc7 30. Rdf6 Re8 31. h5 e4+ 32. Qg3 (32. Kh3 $142 Qg7 33. hxg6 hxg6 34. Rg5 Qh7+ 35. Kg3 Qc7+ 36. Qf4 Qxf4+ 37. Kxf4) 32... Qxg3+ 33. Kxg3 {[%mdl 4096] Endgame KRR-KRN} e3 {[#] aiming for ...e2.} 34. Rf1 $1 ({Not} 34. hxg6 e2 $16) 34... e2 $2 (34... Ne5) 35. Re1 {White is clearly winning.} ({Less strong is} 35. hxg6 Re3+ 36. Kg4 exf1=N $14) 35... Nf8 36. Rf2 Re3+ 37. Kh2 Re5 38. g4 Ne6 39. Rfxe2 {Accuracy: White = 70%, Black = 25%.} 1-0

[Event "European Blitz-ch 2018"]
[Site "Skopje"]
[Date "2018.12.06"]
[Round "6"]
[White "Jankovic, Alojzije"]
[Black "Ruck, Robert"]
[Result "0-1"]
[WhiteElo "2557"]
[BlackElo "2512"]
[Annotator "TA"]
[PlyCount "63"]
[EventDate "2018.12.06"]
[EventType "swiss"]
[EventCountry "MKD"]

{[%evp 9,63,2,10,-37,-6,-23,-31,-39,-11,-16,-15,-16,-12,-72,-8,-16,13,4,16,8,24,25,25,10,18,21,52,34,45,28,45,26,8,0,0,-38,-35,-97,-123,-346,-315,-468,-139,-188,-158,-197,-205,-206,-206,-303,-302,-297,-290,-277,-269,-29975]} 1. d4 Nf6 2. Nf3 e6 3. c4 b6 4. Bg5 h6 5. Bh4 Bb7 {LiveBook: 13 Games} (5... c5 6. d5 Ba6 7. e3 exd5 8. cxd5 Bxf1 9. Kxf1 d6 10. Nc3 Be7 11. h3 O-O 12. g4 Na6 {½-½ (62) Domogaev,S (2414)-Stocek,J (2586) Pardubice 2018}) 6. Qc2 {E12: Queen's Indian: Unusual White 4th moves, 4 a3, 4 Nc3 Bb7 5 a3 and 4 Nc3 Bb7} c5 7. d5 $146 ({Predecessor:} 7. e3 Be7 8. dxc5 Bxc5 9. Nc3 O-O 10. Rd1 Be7 11. Be2 Na6 {1-0 (47) Purdy,C-Sayers,J Melbourne 1930}) 7... exd5 8. cxd5 {Black is slightly better.} Be7 (8... Bxd5 {seems wilder.} 9. Nc3 Be6 10. Rd1 Nc6 11. e4 g5) 9. Bxf6 $1 Bxf6 10. e4 O-O 11. Bd3 (11. Be2 $11 {keeps the balance.}) 11... d6 (11... Na6 $17 12. Nc3 Nb4) 12. O-O $1 $11 a6 13. a4 Nd7 14. Nbd2 Ne5 15. Nxe5 Bxe5 16. Nc4 Bd4 17. Qb3 f5 18. Nxb6 Rb8 {Hoping for ...a5.} 19. a5 $1 fxe4 20. Bxe4 Qh4 {[%mdl 64] Double Attack} 21. Bf3 {Black should prevent Nd7.} Bc8 $36 {[%mdl 2048] Black has good play.} 22. Rae1 Bf5 23. Qa3 ({White should try} 23. Qd1 $15) 23... Rf6 $17 24. b4 $2 (24. Nc4 $17) 24... Rbf8 $19 {White must now prevent ...Bh3!} 25. bxc5 {[#]} (25. Re6 $142 Bxe6 26. dxe6 Rxf3 27. gxf3) 25... Bxc5 $2 (25... Bh3 $1 $19 {[%mdl 512] ( -> ...Rxf3!)} 26. Re4 (26. gxh3 Rxf3) 26... Qg5) 26. Qa4 $17 {[#]} Qg5 $1 27. h4 {[#]} Qg6 $1 28. Kh2 Bd3 29. Nd7 (29. h5 {keeps fighting.} Qg5 30. Qg4 Qxg4 31. Bxg4 Bxf2 32. Rxf2 Rxf2 33. Kg3) 29... Rxf3 $19 {Black has a decisive advantage.} 30. gxf3 Bxf1 ({Not} 30... Rxf3 31. Rg1 $15) 31. Rxf1 Rxf3 32. Rg1 $2 {Accuracy: White = 37%, Black = 44%.} (32. Nxc5 $19 dxc5 33. Qd7) 0-1

[Event "European Blitz-ch 2018"]
[Site "Skopje"]
[Date "2018.12.06"]
[Round "6"]
[White "Delchev, Aleksander"]
[Black "Todorovic, Goran N"]
[Result "1/2-1/2"]
[WhiteElo "2552"]
[BlackElo "2318"]
[Annotator "TA"]
[PlyCount "92"]
[EventDate "2018.12.06"]
[EventType "swiss"]
[EventCountry "MKD"]

{[%evp 19,92,29,27,26,44,43,42,33,50,49,50,49,45,41,52,38,65,56,60,36,39,34,60,56,58,58,60,46,46,46,72,72,72,72,72,72,72,72,72,32,32,23,23,23,23,15,15,15,47,0,0,0,0,0,0,0,0,0,0,0,0,0,0,0,32,32,32,32,32,32,32,32,32,32,32]} 1. d4 e6 2. Nf3 f5 3. g3 Nf6 4. Bg2 d5 5. Bf4 Bd6 6. e3 O-O 7. O-O Ne4 8. c4 c6 9. Nbd2 Be7 10. Bxb8 Rxb8 11. Ne5 {A90: Dutch Defence: Miscellaneous and Modern Stonewall (with ...Bd6)} Nxd2 (11... Bd7 12. f3 Nxd2 13. Qxd2 dxc4 14. f4 Qc7 15. Rfc1 b5 16. b3 Ba3 17. Rc2 c5 18. dxc5 Rfd8 19. bxc4 Bxc5 {½-½ (59) Voigt,U (2280)-Hresc,V (2425) Schwarzach 1998}) 12. Qxd2 Bd6 $146 ({Predecessor:} 12... Bf6 13. c5 Bd7 14. f4 g5 15. b4 Qe7 16. Rab1 Qg7 17. Kh1 Be8 18. Bf3 Bxe5 19. dxe5 {1-0 (32) Schmidbauer,F-Niehaus,T St Ingbert 1993}) 13. Qc3 Bxe5 14. dxe5 b6 15. cxd5 cxd5 16. Rfc1 Bb7 17. Qa3 a6 18. Rc2 Qd7 19. Rac1 Rfc8 20. Qb4 b5 21. b3 Rxc2 22. Rxc2 Rc8 23. Rc5 Rxc5 24. Qxc5 Kf7 25. f4 Qc6 26. Qxc6 Bxc6 $16 {[%mdl 4096] Endgame KB-KB} 27. b4 Ke7 28. Kf2 Be8 29. Ke1 Bh5 30. Kd2 Kd7 31. Kc3 Be2 32. Kd4 Kc6 33. a3 h5 34. h3 g6 35. Kc3 Kb6 36. Kd2 Bc4 37. Bf3 Bf1 38. h4 Bc4 39. Bd1 Kc6 40. Kc3 Kb6 41. a4 Kc6 42. a5 {White is slightly better.} Bf1 43. Kd4 Bc4 44. Bc2 Be2 45. Kc3 Bc4 46. Kd2 Bf1 {Accuracy: White = 68%, Black = 69%.} 1/2-1/2

[Event "European Blitz-ch 2018"]
[Site "Skopje"]
[Date "2018.12.06"]
[Round "6"]
[White "Popov, Valerij"]
[Black "Nazaretyan, Tigran"]
[Result "1-0"]
[WhiteElo "2532"]
[BlackElo "2250"]
[Annotator "TA"]
[PlyCount "60"]
[EventDate "2018.12.06"]
[EventType "swiss"]
[EventCountry "MKD"]

{[%evp 24,60,40,38,75,65,110,95,120,122,158,145,173,136,264,172,383,383,402,389,383,391,473,423,429,422,550,547,697,711,678,498,807,810,1408,1471,1405,1374,2222]} 1. Nf3 Nf6 2. c4 g6 3. Nc3 Bg7 4. e4 O-O 5. d4 d6 6. Be2 e5 7. Be3 Ng4 8. Bg5 f6 9. Bh4 Nc6 10. d5 Ne7 11. Nd2 f5 12. Bxg4 fxg4 13. Bg5 {[#] LiveBook: 40 Games. E92: King's Indian: Classical: 6 Be2 e5: 7 dxe5, 7 Be3 and Petrosian System without 7...Nbd7} Qe8 $146 ({Predecessor:} 13... h6 14. Be3 c5 15. dxc6 bxc6 16. b4 d5 17. exd5 cxd5 18. Bc5 e4 19. Bxe7 Qxe7 20. Nxd5 Qf7 {1-0 (52) Caruana,F (2783)-Radjabov,T (2713) Shamkir 2014}) 14. b4 a6 15. c5 {White is better.} Qf7 {[%csl Gf8][%cal Rf7f2] [#]} 16. O-O Bf6 17. Bh6 Bg7 18. Be3 h5 (18... Bd7 $16 {is a better defense.} 19. cxd6 cxd6) 19. Nc4 Qf6 $2 (19... Nc6 {was worth a try.} 20. f4 (20. dxc6 Qxc4 {[%mdl 64] Double Attack} 21. cxd6 cxd6 $16) (20. cxd6 Nd4 $16) 20... dxc5) 20. Qd2 $18 Rd8 21. f3 g3 22. hxg3 Kh7 23. Rac1 {White is clearly winning.} dxc5 24. bxc5 Be6 25. f4 exf4 26. Rxf4 Qg5 27. Rh4 Qxg3 (27... Qf6 $142 28. Rf4 Qg5) 28. Bf2 {[%mdl 64] [#] Trapped Piece} Bxc3 29. Rxc3 {[%mdl 64] Trapped Piece} ({Not} 29. Bxg3 Bxd2 30. Nxd2 Rac8 $18) 29... Qxh4 30. Bxh4 Bc8 {Accuracy: White = 97%, Black = 19%.} 1-0

[Event "European Blitz-ch 2018"]
[Site "Skopje"]
[Date "2018.12.06"]
[Round "6"]
[White "Lobanov, Sergei"]
[Black "Dvirnyy, Danyyil"]
[Result "1/2-1/2"]
[WhiteElo "2526"]
[BlackElo "2485"]
[Annotator "TA"]
[PlyCount "78"]
[EventDate "2018.12.06"]
[EventType "swiss"]
[EventCountry "MKD"]

{[%evp 20,78,30,31,56,61,71,57,61,43,77,77,207,213,327,320,322,322,309,307,439,411,379,296,294,305,293,52,57,72,65,0,356,0,0,0,0,0,80,14,85,53,106,25,25,25,56,31,29,28,31,0,8,0,0,8,6,8,8,0,0]} 1. e4 c6 2. d4 d5 3. e5 Bf5 4. Nf3 e6 5. Be2 Ne7 6. O-O Nd7 7. Nbd2 h6 {B12: Caro-Kann: Advance Variation} 8. Nb3 Bh7 9. a4 Ng6 10. a5 Be7 11. Be3 {LiveBook: 3 Games} f6 $146 ({Predecessor:} 11... O-O 12. Ne1 c5 13. c3 b6 14. f4 c4 15. Nd2 bxa5 {½-½ (43) Hou,Y (2671)-Leitao,R (2632) Baku 2015}) 12. exf6 Bxf6 13. Bd3 O-O 14. Re1 Qc7 15. c4 Kh8 (15... Rfe8 $16) 16. cxd5 $18 cxd5 (16... Rfe8 $142 17. dxe6 Rxe6) 17. Qb1 Nh4 18. Bxh7 Nxf3+ 19. gxf3 Bg5 (19... Be7 $142 20. a6 b6) 20. Bxg5 hxg5 21. Qd3 Rf6 {and if ...Rh6 works, Black does fine.} 22. Bg6 Nf8 23. Rac1 $2 {[#]} (23. Qc2 $18 Qf4 24. Bd3) 23... Qf4 24. Bh5 Rh6 25. Bg4 ({White should play} 25. Qe3 $14 Rxh5 26. Qxf4 gxf4 27. Rc7) 25... Qxh2+ $11 26. Kf1 {[#] aiming for Ke2.} Ng6 {( -> ...Nf4)} 27. f4 $1 Nxf4 {[%cal Rh2h1]} 28. Qg3 Qh1+ 29. Qg1 Rh4 (29... Rf8 $1 $11 30. f3 Rh2 31. Qxh1 Rxh1+ 32. Kf2 Nd3+ 33. Ke2 Nxe1) 30. f3 $16 Nd3 (30... Kh7 $1 $14) 31. Qxh1 (31. Nc5 $16 Nxc1 32. Rxc1) 31... Rxh1+ $11 32. Ke2 Rxe1+ 33. Rxe1 (33. Kxd3 {with more complications.} Rxc1 34. Nxc1 Re8 35. Kc3 Kg8 36. Nd3) 33... Nxe1 34. Kxe1 b6 35. Kd2 {[%mdl 1024] White has compensation.} Re8 {The position is equal.} 36. a6 Kg8 $1 37. Nc1 Kf7 38. Nd3 Rc8 39. Ne5+ Ke7 $1 {Accuracy: White = 55%, Black = 48%.} 1/2-1/2

[Event "European Blitz-ch 2018"]
[Site "Skopje"]
[Date "2018.12.06"]
[Round "6"]
[White "Potapov, Pavel"]
[Black "Warmerdam, Max"]
[Result "1-0"]
[WhiteElo "2516"]
[BlackElo "2433"]
[Annotator "TA"]
[PlyCount "107"]
[EventDate "2018.12.06"]
[EventType "swiss"]
[EventCountry "MKD"]

{[%evp 18,107,2,12,13,3,54,51,27,0,52,47,54,42,41,-81,-57,-457,-191,-178,96,15,25,20,18,18,27,17,18,19,19,0,0,0,0,-6,-6,0,-10,-16,8,7,12,0,0,0,0,0,0,0,0,0,0,0,0,0,0,0,0,0,185,183,163,20,28,17,17,17,17,17,17,17,17,17,39,40,206,184,29970,29971,29970,29973,29969,6486,29978,29979,29979,29980,29980,29981,29981,29982]} 1. e4 e5 2. Nf3 Nc6 3. Bb5 a6 4. Ba4 Nf6 5. O-O Bc5 6. d3 b5 7. Bb3 d6 8. c3 h6 9. Nbd2 {[%cal Bb1d2,Bd2f1,Bf1g3][%mdl 32] C78: Ruy Lopez: Archangelsk and Möller Defences} O-O 10. Re1 {LiveBook: 35 Games} Ng4 (10... Ne7 11. a4 b4 12. d4 bxc3 13. bxc3 exd4 14. cxd4 Bb4 15. Re3 Ng6 16. h3 a5 {0-1 (65) Zhigalko,S (2638)-Giri,A (2762) Heraklio 2017}) 11. Re2 {The position is equal.} Kh8 $146 (11... Bb6 $11) ({Predecessor:} 11... Ne7 12. Nf1 Bb7 13. h3 Nf6 14. d4 Bb6 15. Ng3 Ng6 16. Bc2 Re8 17. a4 d5 18. Nxe5 {½-½ (18) Ulasevich,S (2306)-Onder,E (2209) LSS email 2012}) 12. Nf1 f5 13. Bd5 Bd7 (13... fxe4 $11 14. dxe4 (14. Bxc6 exf3 15. gxf3 Bd7 $15) 14... Bd7) 14. exf5 $14 Rxf5 15. Ng3 Rf8 16. d4 (16. h3 $14 Nf6 17. Bb3) 16... exd4 $1 $17 17. Nxd4 $2 {[%mdl 8192]} ({Reject} 17. cxd4 Bb6 $11) ({White should try} 17. Re4 $15) 17... Bxd4 (17... Qh4 $142 18. h3 Nxf2 $1 {[%mdl 512]} 19. Rxf2 Rxf2) 18. cxd4 $19 Qf6 $2 (18... Qh4 $1 $19 {[%cal Rh4h2]} 19. h3 Nxf2 $1 {[%mdl 512]} 20. Rxf2 Rxf2 21. Kxf2 Rf8+ 22. Kg1 Ne7) 19. Be3 (19. f3 $16) 19... Nxe3 $11 20. fxe3 {And now Rc1 would win.} Rae8 21. Bf3 Ne7 22. Qc2 c6 23. Rf1 {Bh5 is the strong threat.} Qg5 24. Rfe1 Nf5 25. Nxf5 Rxf5 26. Kh1 d5 27. e4 dxe4 $1 28. Rxe4 Rff8 29. Re5 Qf6 30. Qe2 (30. Kg1 {with more complications.} a5 31. b3 Qd6 32. Qc5 Qxc5 33. dxc5 Rxe5 34. Rxe5 Kg8 35. h3) 30... Rd8 31. Qe3 Qd6 32. d5 cxd5 33. Rxd5 Qf6 34. Red1 Bf5 35. Rxd8 Rxd8 36. Rxd8+ Qxd8 37. Qe5 Qd7 38. Kg1 Qe6 $2 (38... Qa7+ $11 {and Black has nothing to worry.} 39. Kh1 Qd7) 39. Qxe6 $18 Bxe6 {[%mdl 4096] Endgame [#] KB-KB} 40. a3 (40. Kf2 $1 $18) 40... Kg8 $1 $11 41. Kf2 Kf7 42. Ke3 Ke7 $1 43. Kd4 {Hoping for Kc5.} Kd6 $1 44. b4 Bc8 45. Be4 Be6 46. Bb7 Kc7 $2 {[#]} ({Better is} 46... g6 $1 $14) 47. Ke5 $1 $18 {[%cal Re5e6]} ({Inferior is} 47. Bxa6 Kb6 $17) 47... Kxb7 $2 (47... Bd7 $18) 48. Kxe6 {KP-KP} Kc6 49. h4 h5 50. g3 (50. Kf7 $142 Kd7 51. Kxg7 Kd8 52. Kg6 Ke8 53. Kxh5 Kf7 54. Kg5 Kf8 55. h5) 50... g6 51. Kf6 {White mates.} Kd5 52. Kxg6 Kc4 53. Kxh5 Kb3 54. g4 {Accuracy: White = 53%, Black = 43%.} 1-0